000 00670nam a2200229 a 4500
001 2871
005 20140414131959.0
008 051022s19uu xx 00 eng d
020 _a0-02-661376-X
050 _aTR 372.4
_bB35 L.2(PAS)
100 _aBereiter, Carl
245 _aPhonics activity sheets (green), L.2 /
_cCarl Bereiter ...(et al.).
250 _aTeacher's ed.
260 _aColumbus, Ohio :
_bSRA/McGraw-Hill,
_c2000.
300 _a64 p. ; cm.
440 _aSRA Open Court Reading, Green.
526 _cGrade 2
650 _aReading
_xStudy and teaching.
650 _aEnglish language
_xStudy and teaching.
999 _c113008
_d113008